Top 10 United States Landmarks - Statistics

General Stats
  • This quiz has been taken 600 times
  • The average score is 5 of 10
Answer Stats
State Answer % Correct
Arizona The Grand Canyon
83%
South Dakota Mount Rushmore
79%
New York The Statue of Liberty
74%
California The Hollywood Sign
58%
California The Golden Gate Bridge
57%
Nevada/Arizona The Hoover Dam
50%
Nevada Las Vegas Strip
25%
Pennsylvania Independence Hall
20%
Hawaii The USS Arizona Memorial
8%
Washington D.C. The National Mall
7%
No matching quizzes found
Score Distribution
Percent of People with Each Score
Percentile by Number Answered
Your Score History
You have not taken this quiz